[Event "Florianopolis op 6th"]
[Site "Florianopolis"]
[Date "2020.01.26"]
[Round "10"]
[White "Do Valle Cardoso, Lucas"]
[Black "Fajardo Freire, Joao Alfredo Castel"]
[Result "1-0"]
[WhiteElo "2228"]
[BlackElo "2108"]
[PlyCount "71"]
[EventDate "2020.01.20"]
[EventType "swiss"]
[EventRounds "10"]
[EventCountry "BRA"]
[SourceTitle "CBM 194 Extra"]
[Source "ChessBase"]
[SourceDate "2020.03.31"]
[SourceVersion "1"]
[SourceVersionDate "2020.03.31"]
[SourceQuality "1"]

1. e4 c5 2. Nf3 e6 3. d4 cxd4 4. Nxd4 Nc6 5. Nc3 Qc7 6. Be3 a6 7. Qd2 Nf6 8. 0-0-0 Be7 9. f3 b5 10. Kb1 Bb7 11. g4 Nxd4 12. Bxd4 0-0 13. g5 Nh5 14. Be3 Rfd8 15. Bd3 d5 16. Qf2 Rd6 17. exd5 b4 18. Ne4 Rxd5 19. Rhg1 a5 20. f4 g6 21. Ng3 Ng7 22. h4 Bc5 23. Ne4 Be7 24. Nf6+ Bxf6 25. gxf6 Nh5 26. f5 exf5 27. Bxf5 Rxd1+ 28. Rxd1 Rd8 29. Bd3 Qe5 30. Bg5 Re8 31. Bc4 Qc7 32. Qd4 h6 33. Qd7 Qxd7 34. Rxd7 Re1+ 35. Bc1 Bc6 36. Rxf7 1-0

[Event "Jacarei op 2nd"]
[Site "Jacarei"]
[Date "2019.07.28"]
[Round "5"]
[White "Fajardo Freire, Joao Alfredo Castel"]
[Black "Costa, Flavio Luis Cesar"]
[Result "1-0"]
[WhiteElo "2104"]
[BlackElo "2092"]
[PlyCount "51"]
[EventDate "2019.07.26"]
[EventType "swiss"]
[EventRounds "6"]
[EventCountry "BRA"]
[SourceTitle "CBM 191 Extra"]
[Source "ChessBase"]
[SourceDate "2019.09.30"]
[SourceVersion "1"]
[SourceVersionDate "2019.09.30"]
[SourceQuality "1"]

1. e4 e5 2. Bc4 Nf6 3. d3 c6 4. f4 d5 5. exd5 cxd5 6. Bb3 Nc6 7. Nf3 Bg4 8. fxe5 Bxf3 9. Qxf3 Nxe5 10. Qe2 Qe7 11. 0-0 0-0-0 12. Nc3 Qc5+ 13. Kh1 Bd6 14. Bf4 Rhe8 15. d4 Qxd4 16. Rad1 Qb6 17. Be3 Qa5 18. Rxf6 gxf6 19. Ba4 Re6 20. Rxd5 Qb4 21. Bb3 Qh4 22. Rd4 Ng4 23. Bxe6+ fxe6 24. g3 Qh3 25. Rxg4 Be5 26. Rc4+ 1-0

[Event "Jacarei op 2nd"]
[Site "Jacarei"]
[Date "2019.07.28"]
[Round "6"]
[White "Rodrigues, Tiago Pereira"]
[Black "Fajardo Freire, Joao Alfredo Castel"]
[Result "1/2-1/2"]
[WhiteElo "2152"]
[BlackElo "2104"]
[PlyCount "67"]
[EventDate "2019.07.26"]
[EventType "swiss"]
[EventRounds "6"]
[EventCountry "BRA"]
[SourceTitle "CBM 191 Extra"]
[Source "ChessBase"]
[SourceDate "2019.09.30"]
[SourceVersion "1"]
[SourceVersionDate "2019.09.30"]
[SourceQuality "1"]

1. f4 d5 2. Nf3 Nf6 3. g3 Bg4 4. Bg2 e6 5. d3 c5 6. c3 Nc6 7. Na3 Be7 8. 0-0 Qb6 9. h3 Bxf3 10. Bxf3 c4+ 11. Kg2 cxd3 12. exd3 Bxa3 13. bxa3 Rc8 14. Qa4 Qa5 15. Qxa5 Nxa5 16. Bd2 b6 17. Rac1 0-0 18. c4 dxc4 19. Bxa5 bxa5 20. dxc4 Rc7 21. c5 Rfc8 22. c6 g6 23. Rfd1 Rb8 24. Rc2 Rb6 25. Rd8+ Kg7 26. g4 Ra6 27. g5 Nd5 28. Bxd5 exd5 29. Re2 Raxc6 30. Rxd5 Rc5 31. Red2 Rc4 32. Rf2 Ra4 33. Rd3 h6 34. h4 1/2-1/2

[Event "BRA-ch Amateur U2200"]
[Site "Sao Paulo"]
[Date "2017.10.12"]
[Round "2"]
[White "Fonseca, Luis Ernesto Serra"]
[Black "Fajardo Freire, Joao Alfredo Castel"]
[Result "1/2-1/2"]
[WhiteElo "2000"]
[BlackElo "2151"]
[PlyCount "147"]
[EventDate "2017.10.12"]
[EventType "swiss"]
[EventRounds "7"]
[EventCountry "BRA"]
[SourceTitle "EXT 2019"]
[Source "ChessBase"]
[SourceDate "2018.10.10"]
[SourceVersion "1"]
[SourceVersionDate "2018.10.10"]
[SourceQuality "1"]

1. e4 c5 2. Nf3 e6 3. d4 cxd4 4. Nxd4 Nc6 5. Nc3 Qc7 6. Be3 a6 7. Qd2 Nf6 8. f4 Bb4 9. Bd3 Na5 10. a3 Bxc3 11. Qxc3 Qxc3+ 12. bxc3 d5 13. exd5 exd5 14. Nf5 Bxf5 15. Bxf5 0-0 16. 0-0 Ne4 17. Rfd1 Nc4 18. Bd4 g6 19. Bg4 f5 20. Bf3 Rac8 21. a4 Ncd2 22. Rxd2 Nxd2 23. Bxd5+ Rf7 24. Ra3 Kf8 25. Bxf7 Kxf7 26. Kf2 Re8 27. Be5 Re7 28. Ra1 Ne4+ 29. Kf3 Rd7 30. Bd4 Rc7 31. Ra3 Ke6 32. Ke3 Kd5 33. Rb3 Re7 34. Be5 Nd6 35. Kd3 Nc4 36. Bd4 Na5 37. Rb6 Nc4 38. Rb4 Na5 39. c4+ Kd6 40. Rb6+ Nc6 41. Bc3 Kc5 42. a5 Rd7+ 43. Ke3 Kxc4 44. Bd2 Re7+ 45. Kf2 Nd4 46. Bb4 Rd7 47. c3 Nb5 48. Re6 Nxc3 49. Ba3 Ne4+ 50. Ke1 Nc3 51. Bd6 Kd5 52. Re3 Kxd6 53. Rxc3 Re7+ 54. Kd2 Re4 55. Rh3 Rxf4 56. Rxh7 Kc6 57. g3 Rd4+ 58. Ke3 Rd7 59. Rh6 Rd6 60. h4 Kd5 61. Kf4 b5 62. axb6 Rxb6 63. Kg5 Rb3 64. Rxg6 Ke5 65. Kh6 a5 66. Ra6 Rxg3 67. Rxa5+ Ke4 68. h5 f4 69. Kh7 f3 70. Ra8 Rg5 71. h6 f2 72. Ra4+ Kf3 73. Ra3+ Kg4 74. Ra4+ 1/2-1/2

[Event "Cuiaba Contaud op"]
[Site "Cuiaba"]
[Date "2017.07.30"]
[Round "6"]
[White "Langner, Donizete Ribeiro"]
[Black "Fajardo Freire, Joao Alfredo Castel"]
[Result "1/2-1/2"]
[WhiteElo "1947"]
[BlackElo "2120"]
[PlyCount "37"]
[EventDate "2017.07.28"]
[EventType "swiss"]
[EventRounds "6"]
[EventCountry "BRA"]
[SourceTitle "EXT 2018"]
[Source "ChessBase"]
[SourceDate "2017.10.13"]
[SourceVersion "1"]
[SourceVersionDate "2017.10.13"]
[SourceQuality "1"]

1. Nf3 Nf6 2. d4 d5 3. c4 e6 4. e3 Be7 5. Nc3 0-0 6. Bd3 dxc4 7. Bxc4 a6 8. a3 c5 9. dxc5 Qxd1+ 10. Nxd1 Bxc5 11. b4 Be7 12. Bb2 b5 13. Bd3 Rd8 14. Ke2 Bb7 15. Nc3 Nbd7 16. Rhd1 Nh5 17. Rac1 Rac8 18. Nb1 Bd5 19. Nbd2 1/2-1/2

[Event "Cuiaba Contaud op"]
[Site "Cuiaba"]
[Date "2017.07.29"]
[Round "3"]
[White "Supi, Luis Paulo"]
[Black "Fajardo Freire, Joao Alfredo Castel"]
[Result "1-0"]
[WhiteElo "2516"]
[BlackElo "2120"]
[PlyCount "66"]
[EventDate "2017.07.28"]
[EventType "swiss"]
[EventRounds "6"]
[EventCountry "BRA"]
[SourceTitle "EXT 2018"]
[Source "ChessBase"]
[SourceDate "2017.10.13"]
[SourceVersion "1"]
[SourceVersionDate "2017.10.13"]
[SourceQuality "1"]

1. c4 Nf6 2. Nc3 e6 3. d4 Bb4 4. e3 0-0 5. Bd3 c5 6. Nf3 d5 7. 0-0 cxd4 8. exd4 dxc4 9. Bxc4 Na6 10. Qe2 Nc7 11. Bg5 Be7 12. Rad1 Ncd5 13. Bc1 Bd7 14. Ne5 Rc8 15. f4 Nxc3 16. bxc3 Nd5 17. Bb2 Rxc4 18. Qxc4 Ne3 19. Qb3 Nxf1 20. Rxf1 Bc6 21. f5 Qd5 22. Nxc6 Qxc6 23. Re1 Bh4 24. g3 Bg5 25. fxe6 Qf3 26. exf7+ Kh8 27. Qe6 h6 28. Qe8 Kh7 29. Qxf8 Be3+ 30. Rxe3 Qxe3+ 31. Kf1 Qd3+ 32. Kf2 Qd2+ 33. Kf3 Kg6 1-0

[Event "Cuiaba Contaud op"]
[Site "Cuiaba"]
[Date "2017.07.28"]
[Round "2"]
[White "Fajardo Freire, Joao Alfredo Castel"]
[Black "Cubas, Jose Fernando"]
[Result "1-0"]
[WhiteElo "2120"]
[BlackElo "2483"]
[PlyCount "87"]
[EventDate "2017.07.28"]
[EventType "swiss"]
[EventRounds "6"]
[EventCountry "BRA"]
[SourceTitle "EXT 2018"]
[Source "ChessBase"]
[SourceDate "2017.10.13"]
[SourceVersion "1"]
[SourceVersionDate "2017.10.13"]
[SourceQuality "1"]

1. e4 c5 2. Nf3 d6 3. Bb5+ Bd7 4. Bxd7+ Qxd7 5. c4 Nc6 6. d4 cxd4 7. Nxd4 g6 8. Nc3 Bg7 9. Be3 Nf6 10. f3 0-0 11. b3 Rac8 12. Qd3 Rfd8 13. 0-0 e6 14. Rac1 Ne5 15. Qe2 d5 16. cxd5 exd5 17. f4 Nc6 18. e5 Ng4 19. Kh1 Nxe3 20. Qxe3 a6 21. h3 Ne7 22. Na4 Nf5 23. Qd3 Nxd4 24. Qxd4 Rc6 25. Rfd1 h5 26. Rxc6 bxc6 27. Nc5 Qf5 28. Ne4 Ra8 29. Nd6 Qc2 30. Rd2 Qc1+ 31. Kh2 Rf8 32. Qd3 h4 33. Rf2 Qc5 34. Qc2 Qd4 35. Rf3 Bxe5 36. fxe5 Qxe5+ 37. Kh1 Qe1+ 38. Kh2 Qe5+ 39. Kh1 Qxd6 40. Qf2 Qe5 41. Qxh4 Qa1+ 42. Kh2 Qxa2 43. Rf4 Qxb3 44. Rg4 1-0

[Event "Cuiaba Contaud op"]
[Site "Cuiaba"]
[Date "2017.07.28"]
[Round "1"]
[White "Nunes, Marcela Andreia Dia"]
[Black "Fajardo Freire, Joao Alfredo Castel"]
[Result "0-1"]
[WhiteElo "1545"]
[BlackElo "2120"]
[PlyCount "34"]
[EventDate "2017.07.28"]
[EventType "swiss"]
[EventRounds "6"]
[EventCountry "BRA"]
[SourceTitle "EXT 2018"]
[Source "ChessBase"]
[SourceDate "2017.10.13"]
[SourceVersion "1"]
[SourceVersionDate "2017.10.13"]
[SourceQuality "1"]

1. d4 Nf6 2. c4 e6 3. Nc3 Bb4 4. e3 d5 5. Bd3 0-0 6. Nge2 c5 7. 0-0 cxd4 8. exd4 dxc4 9. Bxc4 Nd5 10. Nxd5 exd5 11. Bb3 Nc6 12. Bc2 Bd6 13. Bf4 Re8 14. Bxd6 Qxd6 15. Qd2 b6 16. Nc3 Ba6 17. Rfe1 Bc4 0-1

[Event "Sao Paulo op 5th"]
[Site "Sao Paulo"]
[Date "2016.10.13"]
[Round "1"]
[White "Fajardo Freire, Joao Alfredo Castel"]
[Black "Maciel, Diogo Alves"]
[Result "1-0"]
[WhiteElo "2167"]
[BlackElo "2004"]
[PlyCount "109"]
[EventDate "2016.10.13"]
[EventType "swiss"]
[EventRounds "6"]
[EventCountry "BRA"]
[SourceTitle "CBM 175 Extra"]
[Source "ChessBase"]
[SourceDate "2016.12.12"]
[SourceVersion "1"]
[SourceVersionDate "2016.12.12"]
[SourceQuality "1"]

1. e4 e5 2. Bc4 Nf6 3. d4 Nc6 4. Nf3 Na5 5. Bxf7+ Kxf7 6. dxe5 d5 7. exf6 gxf6 8. e5 b6 9. Nc3 Bb4 10. 0-0 Bb7 11. exf6 Rg8 12. Ng5+ Rxg5 13. Bxg5 Qg8 14. Qh5+ Qg6 15. Qxg6+ Kxg6 16. Bd2 Bd6 17. b3 Rg8 18. Ne2 Kxf6 19. Bc3+ Kf7 20. f3 c5 21. Bxa5 bxa5 22. Rad1 h5 23. Nc3 Be5 24. Nxd5 Bd4+ 25. Kh1 Bxd5 26. c3 Bxb3 27. axb3 Bxc3 28. Rd7+ Kg6 29. Rfd1 Rb8 30. Rc1 Rxb3 31. Rd3 Bb2 32. Rxb3 Bxc1 33. Rc3 Bd2 34. Rxc5 h4 35. Rc4 Kg5 36. Kg1 Be3+ 37. Kf1 Bf4 38. Rc5+ Kf6 39. Rxa5 Bxh2 40. Rxa7 Bd6 41. Ra6 Ke5 42. Rxd6 Kxd6 43. Kg1 Ke5 44. Kh2 Kf4 45. Kh3 Kg5 46. f4+ Kh5 47. f5 Kg5 48. f6 Kg6 49. Kxh4 Kxf6 50. Kh5 Kf7 51. Kh6 Kg8 52. g4 Kh8 53. g5 Kg8 54. Kg6 Kh8 55. Kf7 1-0

[Event "Florianopolis op 2nd"]
[Site "Florianopolis"]
[Date "2016.01.22"]
[Round "10"]
[White "Fajardo Freire, Joao Alfredo Castel"]
[Black "Souza Neves, Andrey Marcelo"]
[Result "0-1"]
[WhiteElo "1813"]
[BlackElo "2205"]
[PlyCount "108"]
[EventDate "2016.01.16"]
[EventType "swiss"]
[EventRounds "10"]
[EventCountry "BRA"]
[SourceTitle "CBM 170 Extra"]
[Source "ChessBase"]
[SourceDate "2016.02.25"]
[SourceVersion "1"]
[SourceVersionDate "2016.02.25"]
[SourceQuality "1"]

1. e4 c6 2. d4 d5 3. Nd2 dxe4 4. Nxe4 Bf5 5. Ng3 Bg6 6. Nh3 Nd7 7. Nf4 e5 8. Nxg6 hxg6 9. dxe5 Qa5+ 10. c3 Qxe5+ 11. Qe2 0-0-0 12. Qxe5 Nxe5 13. Be2 Nf6 14. Bg5 Nd3+ 15. Bxd3 Rxd3 16. Rd1 Rxd1+ 17. Kxd1 Ng4 18. Be3 Nxe3+ 19. fxe3 Bc5 20. Ke2 Re8 21. Nf1 f5 22. h4 Re4 23. g3 b5 24. b3 a5 25. Rh2 a4 26. Kf3 Kc7 27. Re2 Bd6 28. Nd2 Rg4 29. Rg2 Be5 30. c4 Kb6 31. Nf1 bxc4 32. bxa4 c3 33. e4 Rxe4 34. Ne3 Rb4 35. g4 Rf4+ 36. Ke2 Rxa4 37. Kd3 Rd4+ 38. Kc2 f4 39. Nd1 f3 40. Rf2 Rxg4 41. Rxf3 Rxh4 42. Kb3 c5 43. Nxc3 Rb4+ 44. Ka3 Bxc3 45. Rxc3 Rg4 46. Rf3 Kb5 47. Rf7 Kc4 48. Rxg7 Kc3 49. Rf7 Rg3 50. Rf2 c4 51. Rf7 g5 52. Rg7 Kd2+ 53. Kb4 c3 54. Rc7 c2 0-1

[Event "Florianopolis op 2nd"]
[Site "Florianopolis"]
[Date "2016.01.21"]
[Round "8"]
[White "Fajardo Freire, Joao Alfredo Castel"]
[Black "Sztokbant, Bernardo Vainzoff"]
[Result "1-0"]
[WhiteElo "1813"]
[BlackElo "2222"]
[PlyCount "55"]
[EventDate "2016.01.16"]
[EventType "swiss"]
[EventRounds "10"]
[EventCountry "BRA"]
[SourceTitle "CBM 170 Extra"]
[Source "ChessBase"]
[SourceDate "2016.02.25"]
[SourceVersion "1"]
[SourceVersionDate "2016.02.25"]
[SourceQuality "1"]

1. e4 c6 2. d4 d5 3. Nd2 dxe4 4. Nxe4 Bf5 5. Ng3 Bg6 6. Nh3 e6 7. Nf4 Qh4 8. Bd3 Bxd3 9. Qxd3 Nf6 10. Qb3 b6 11. 0-0 Nbd7 12. Re1 0-0-0 13. c4 Bd6 14. Qf3 Kc7 15. d5 Ne5 16. Qc3 Neg4 17. Nh3 h6 18. dxe6 fxe6 19. b4 c5 20. Ba3 cxb4 21. Bxb4 Bxb4 22. Qxb4 Rhe8 23. Rac1 Rd4 24. Qb5 Kb7 25. c5 Rd5 26. Qa4 Red8 27. c6+ Ka8 28. Qa6 1-0

[Event "Florianopolis op 2nd"]
[Site "Florianopolis"]
[Date "2016.01.21"]
[Round "9"]
[White "Mahia, Gustavo"]
[Black "Fajardo Freire, Joao Alfredo Castel"]
[Result "1-0"]
[WhiteElo "2362"]
[BlackElo "1813"]
[PlyCount "127"]
[EventDate "2016.01.16"]
[EventType "swiss"]
[EventRounds "10"]
[EventCountry "BRA"]
[SourceTitle "CBM 170 Extra"]
[Source "ChessBase"]
[SourceDate "2016.02.25"]
[SourceVersion "1"]
[SourceVersionDate "2016.02.25"]
[SourceQuality "1"]

1. d4 Nf6 2. Bg5 e6 3. Nd2 c5 4. e3 b6 5. Ngf3 Bb7 6. Bd3 Be7 7. 0-0 d6 8. c3 h6 9. Bh4 Nh5 10. Bxe7 Qxe7 11. dxc5 bxc5 12. Bb5+ Bc6 13. Bxc6+ Nxc6 14. Qa4 Rc8 15. b4 cxb4 16. cxb4 0-0 17. b5 Nb8 18. Rac1 Nf6 19. g3 Nd5 20. Qd4 Nb6 21. a4 Rxc1 22. Rxc1 Rc8 23. Rxc8+ Nxc8 24. a5 Qc7 25. Qb4 Nd7 26. Nd4 Ne5 27. Kf1 Nd7 28. Ke2 Ne5 29. f4 Nd7 30. Qc4 Qxc4+ 31. Nxc4 Kf8 32. Nc6 Ke8 33. g4 Nc5 34. h4 Kd7 35. h5 f6 36. Kf3 d5 37. Nd2 Nb7 38. Nb3 Nbd6 39. Nc5+ Ke8 40. Nxe6 Nxb5 41. Nxg7+ Kd7 42. Nb4 Ne7 43. Ke2 Nc7 44. Kd3 Kd6 45. Kd4 Nb5+ 46. Kd3 Nc7 47. Nc2 Nc6 48. Nf5+ Kd7 49. Nxh6 Nxa5 50. Nf5 Ke6 51. Ncd4+ Kf7 52. Nd6+ Kg8 53. Kc3 Na6 54. Nc8 Nc4 55. Ne7+ Kf7 56. Nxd5 Nd6 57. Nc6 Ne4+ 58. Kd4 Nf2 59. g5 fxg5 60. fxg5 Nh3 61. Ne5+ Kg7 62. h6+ Kf8 63. g6 Ng5 64. g7+ 1-0

[Event "Florianopolis op 2nd"]
[Site "Florianopolis"]
[Date "2016.01.18"]
[Round "4"]
[White "Fajardo Freire, Joao Alfredo Castel"]
[Black "Dickel, Henrique de Oliveir"]
[Result "1-0"]
[WhiteElo "1813"]
[BlackElo "1840"]
[PlyCount "86"]
[EventDate "2016.01.16"]
[EventType "swiss"]
[EventRounds "10"]
[EventCountry "BRA"]
[SourceTitle "CBM 170 Extra"]
[Source "ChessBase"]
[SourceDate "2016.02.25"]
[SourceVersion "1"]
[SourceVersionDate "2016.02.25"]
[SourceQuality "1"]

1. e4 c5 2. Nc3 a6 3. g3 g6 4. Bg2 Bg7 5. d3 d6 6. Nge2 Nc6 7. 0-0 e6 8. Be3 Nge7 9. Qd2 0-0 10. Bh6 Qc7 11. Bxg7 Kxg7 12. Rad1 b5 13. f4 f5 14. exf5 exf5 15. Rfe1 Bb7 16. d4 Rad8 17. Nd5 Nxd5 18. Bxd5 Rfe8 19. Qc3 b4 20. Qf3 cxd4 21. Qd3 Qb6 22. Nc1 Re3 23. Rxe3 dxe3 24. Ne2 Re8 25. c4 Na5 26. b3 Qc5 27. Qd4+ Qxd4 28. Rxd4 Kf6 29. Kg2 Bxd5+ 30. Rxd5 Nb7 31. Kf3 Re6 32. h3 Nc5 33. Nd4 Re4 34. Ke2 Ke7 35. Nc6+ Kd7 36. Nxb4 Ne6 37. Nc2 Nc7 38. Rd3 Re8 39. Rxe3 Rg8 40. Nd4 Ne8 41. Kf3 Nf6 42. Ne2 Ne4 43. Nc3 Nc5 1-0